Pilotes de Formule 1 avec le plus de podiums - Statistiques

Statistiques générales
  • Ce quiz a été pris 1 042 fois
    254 depuis la dernière actualisation
  • Le résultat moyen est 13 sur 20
Statistiques - réponses
Nombre de podiums Pilote % Correct
202 Lewis Hamilton
99%
123 Max Verstappen
98%
155 Michael Schumacher
95%
106 Fernando Alonso
94%
80 Ayrton Senna
91%
122 Sebastian Vettel
91%
106 Alain Prost
90%
103 Kimi Raikkonen
73%
57 Nico Rosberg
73%
50 Charles Leclerc
72%
67 Valtteri Bottas
65%
50 Jenson Button
62%
51 Mika Hakkinen
61%
54 Niki Lauda
59%
60 Nelson Piquet
53%
59 Nigel Mansell
47%
62 David Coulthard
23%
69 Rubens Barichello
21%
48 Gehrard Berger
9%
45 Carlos Reutemann
5%
Aucun quiz correspondant
Distribution des résultats
% des personnes avec chaque résultat
Percentile par nombre de réponses
Votre historique - résultats
Vous n’avez pas pris ce quiz depuis la dernière actualisation